Statistics for Children's School Subjects

Click here to take the quiz!

General Stats

  • This quiz has been taken 198 times
  • The average score is 6 of 10

Answer Stats

Type of SubjectAnswer% Correct
Subject in ClassMath
97%
Subject in ClassEnglish/Language Arts
84%
Subject in ClassSocial Studies
81%
Special SubjectP.E
76%
Subject in ClassScience
74%
Special SubjectArt
72%
Special SubjectMusic
59%
Subject in ClassReading
34%
Special SubjectComputers/Library/Learning Center
20%
Subject in ClassSpelling
16%

Score Distribution

Percentile by Number Answered

Percent of People with Each Score

Your Score History

You have not taken this quiz